000 00510nam a2200169Ia 4500
003 LK-CoDNM
008 010623t1910 xxu||||| |||| 00| 1 sin d
040 _aLK-CoDNM
_dLK-CoDNM
_eLK-CoDNM
041 _asin
080 _aX 8 C 1
100 _aSamarajeewa,Don Samel Abhayagunawardhana.
245 _aසන්න සහිත වියොවග රත්නමාලය
246 _aSanna Sahitha Viyowaga Rathnamaalaya
260 _bJ.A.Samarajeewa
_aTangalle
_c1910
300 _b24p., 21 cm
942 _cBK
999 _c87392
_d87392